000 00495nam a2200181Ia 4500
999 _c32026
_d32026
003 OSt
005 20200806115744.0
008 190216s9999||||xx |||||||||||||| ||und||
020 _a9780521612951
040 _coclc
082 _a511
_bOLI/M
100 _aOlive, Jenny
_94007
245 0 _aMaths A Self Study Guide /
_cJenny Olive
260 _bCambridge Uty Press,
_aUK:
_c1998.
300 _a634p
650 _aMathematics
942 _cBK
_2ddc
_h511
_iOLI/M
_k511
_mOLI/M